Dairy Technology- Volume - 2 : Dairy Products and Quality Assurance (Record no. 14627)
[ view plain ]
| 000 -LEADER | |
|---|---|
| fixed length control field | 00343nam a22001217a 4500 |
| 020 ## - INTERNATIONAL STANDARD BOOK NUMBER | |
| ISBN | 9789383305094 |
| 082 ## - DEWEY DECIMAL CLASSIFICATION NUMBER | |
| Classification number | 637.0954 |
| Item number | SHI/DA |
| 100 ## - MAIN ENTRY--AUTHOR NAME | |
| Personal name | Shivashraya,Singh |
| 245 ## - TITLE STATEMENT | |
| Title | Dairy Technology- Volume - 2 : Dairy Products and Quality Assurance |
| 260 ## - PUBLICATION, DISTRIBUTION, ETC. (IMPRINT) | |
| Place of publication | New Delhi |
| Name of publisher | New India Publishing Agency |
| Year of publication | 2014 |
| 300 ## - PHYSICAL DESCRIPTION | |
| Number of Pages | 691 |
| 942 ## - ADDED ENTRY ELEMENTS (KOHA) | |
| Koha item type | Books |
| Withdrawn status | Lost status | Damaged status | Collection code | Home library | Current library | Shelving location | Date acquired | Source of acquisition | Cost, normal purchase price | Full call number | Accession Number | Koha item type |
|---|---|---|---|---|---|---|---|---|---|---|---|---|
| KAUAET | KAUAET | General Stacks | 21/07/2016 | Arunima Book Distributors,TVPM | 4230.00 | 637.0954 SHI/DA | 24568 | Books | ||||
| Non-fiction | KAUAET | KAUAET | General Stacks | 16/05/2019 | 3500.00 | 637.0954 SHI/DA | 25790 | Books |
